Международный маркетинг и бизнес: учебное пособие для бакалавров и магистров

Manylion Llyfryddiaeth
Prif Awdur: Моисеева Н. К. Нина Константиновна
Crynodeb:Учебный материал представлен в двух частях: «Международный маркетинг» для бакалавров и «От бакалавра к магистру» по программе «Маркетинг на международных рынках». На основе модульного принципа рассмотрены мотивы и этапы интернационализации фирм, особенности изучения и выбора международных рынков, среда международного маркетинга и бизнеса, способы выхода фирмы на международные рынки и особенности формирования сопровождающих их маркетинговых решений. Изложены рекомендации, тесты, производственные ситуации и примеры иллюстративного оформления выпускных бакалаврских работ и магистерских диссертаций по данному направлению. Предназначено для подготовки как бакалавров экономики, так и магистров по направлению «Менеджмент». Также может быть полезна аспирантам, маркетологам и менеджерам предприятий и слушателям в системе повышения квалификации.
Iaith:Rwseg
Cyhoeddwyd: Москва, Инфра-М, 2014
Pynciau:
Fformat: MixedMaterials Llyfr
KOHA link:https://koha.lib.tpu.ru/cgi-bin/koha/opac-detail.pl?biblionumber=253973

MARC

LEADER 00000nam0a2200000 4500
001 253973
005 20231101232907.0
010 |a 9785905554308 
010 |a 978-5-16-006443-7 
035 |a (RuTPU)RU\TPU\book\276394 
090 |a 253973 
100 |a 20140318d2014 m y0rusy50 ca 
101 0 |a rus 
102 |a RU 
105 |a a j 001zy 
200 1 |a Международный маркетинг и бизнес  |e учебное пособие для бакалавров и магистров  |f Н. К. Моисеева 
210 |a Москва  |c Инфра-М  |c Курс  |d 2014 
215 |a 271 с.  |c ил. 
320 |a Библиогр.: с. 266-268. 
330 |a Учебный материал представлен в двух частях: «Международный маркетинг» для бакалавров и «От бакалавра к магистру» по программе «Маркетинг на международных рынках». На основе модульного принципа рассмотрены мотивы и этапы интернационализации фирм, особенности изучения и выбора международных рынков, среда международного маркетинга и бизнеса, способы выхода фирмы на международные рынки и особенности формирования сопровождающих их маркетинговых решений. Изложены рекомендации, тесты, производственные ситуации и примеры иллюстративного оформления выпускных бакалаврских работ и магистерских диссертаций по данному направлению. Предназначено для подготовки как бакалавров экономики, так и магистров по направлению «Менеджмент». Также может быть полезна аспирантам, маркетологам и менеджерам предприятий и слушателям в системе повышения квалификации. 
606 1 |a Маркетинг  |2 stltpush  |3 (RuTPU)RU\TPU\subj\41036  |9 60857 
610 1 |a международный маркетинг 
610 1 |a бизнес 
610 1 |a международные рынки 
610 1 |a внешняя среда 
610 1 |a культурная среда 
610 1 |a предпринимательский климат 
610 1 |a передача 
610 1 |a технологии 
610 1 |a франчайзинг 
610 1 |a совместное предпринимательство 
610 1 |a ценовая политика 
610 1 |a риски 
610 1 |a учебные пособия 
686 |a У9(2)212.4я73  |v LBC/SL-A  |2 rubbk 
700 1 |a Моисеева  |b Н. К.  |g Нина Константиновна 
801 1 |a RU  |b 63413507  |c 20140318 
801 2 |a RU  |b 63413507  |c 20150624  |g RCR 
942 |c BK 
959 |a 51/20140317  |d 2  |e 279,90  |f ЧЗГЛ:1  |f АНЛ:1